000 00960nam a2200253Ia 4500
003 OSt
005 20220923224812.0
006 a|||||r|||| 00| 0
007 ta
008 220922b |||||||| |||| 00| 0 hin d
024 _a250,867
037 _cTextual
040 _aARTS
_cARTS
_bhin
041 _2hin
_ahin
082 _aO152,1M56:g, K4
100 _aशुक्ल 'चन्द्र', सुरेशचन्द्र
_9168227
245 0 _aप्रतापनारायण मिश्र
_b जीवन और साहित्य
246 _aPratāpanārāyaṇ mishra: jīvan aur sāhitya
260 _aकानपुर
_b युगवाणी प्रकाशन
_c1964
300 _a448पृ.
_ccm.
650 _aहिन्दी साहित्य
_9156264
942 _hO152,1M56:g, K4
_cTEXL
_2CC
999 _c373744
_d373744